00365 2200145 4500001002100000005001500021035002000036245003700056300001700093260004500110082000800155084001200163020001800175990002600193INLIS00000000000094220260409023227 a0010-0426000011 aCantik itu Luka /cEka kurniawan a505 ;c20 cm aJakarta :bGramedia Pustaka Utama,c2025 a813 a813 CAN a9786020312583 a2025/SMKMIRI/3136/001